Представление документа в формате MARC21

Поле Инд. ПП Название Значение
Тип записи a
Библиографический уровень b
001 Контрольный номер RU/IS/BASE/484249801
005 Дата корректировки 20200522191729.3
008 Кодируемые данные 20150506
040 b Код языка каталог. rus
e Правила каталог. PSBO
041 0_ a Код языка текста rus
084 a Индекс другой классификации/Индекс ББК 65.301-21
100 1_ a Автор Томчук Д.
245 10 a Заглавие Многофакторная модель влияния интеллектуального капитала на рентабельность высокотехнологичного предприятия
504 a Библиография Библиогр.
520 a Аннотация Приводятся результаты исследования по нахождению количественного выражения связи между уровнем интеллектуального капитала на высокотехнологичных предприятиях промышленного сектора экономики и рентабельностью производства. Установлено, что данные о предприятиях этого сектора экономики по интеллектуальному капиталу требуют особой обработки. Предложено использование информации о НИОКР в качестве фильтра, отделяющего предприятия, для которых проводимое исследование важно. Эффективность такого подхода продемонстрирована на примере.
650 14 a Основная рубрика менеджмент (управление предприятием)
a Основная рубрика промышленное предприятие
a Основная рубрика экономика
a Основная рубрика экономика предприятия
a Основная рубрика экономика промышленности
653 1_ a Ключевые слова высокотехнологичное производство
a Ключевые слова финансирование НИОКР
a Ключевые слова интеллектуальный капитал
a Ключевые слова конкурентоспособность предприятия
a Ключевые слова НИОКР (научно-исследовательские и опытно-конструкторские работы)
a Ключевые слова персонал предприятия
a Ключевые слова производство
a Ключевые слова рентабельность производства
a Ключевые слова управление персоналом (кадровый менеджмент)
a Ключевые слова человеческий капитал
a Ключевые слова экономика знаний
773 08 t Заглавие источника РИСК: ресурсы, информация, снабжение, конкуренция
d Дата издания источника 2013
g Прочая информация № 3. - С. 365 - 369 : табл., граф.
w Контрольный № источника RU/IS/BASE/439917319
901 t Тип документа b